| 000 | 02511cam a2200685 i 4500 | ||
|---|---|---|---|
| 001 | 8876 | ||
| 003 | KOSZ 005 | ||
| 005 | 20240903062925.0 | ||
| 008 | 240822s1970 pl a f 001 0 pol | ||
| 015 | _aUWD 1970/6344 | ||
| 035 | _a991034958049705066 | ||
| 035 | _a(PL-WaBN)b19404311-48omnis_nlop | ||
| 035 | _ab19404311 | ||
| 035 | _a(OCoLC)830841679 | ||
| 035 | _a(UJ)vtls001389561 | ||
| 035 | _azz2003874891 | ||
| 035 | _a(PL)b0000001940431 | ||
| 035 | _a(EXLNZ-48OMNIS_NETWORK)9910443502505606 | ||
| 040 |
_aWA N _cWA N _dKOSZ 005/RW |
||
| 046 | _k1970 | ||
| 080 | _a667.6 | ||
| 080 | _a620.1 | ||
| 080 | _a(083.1) | ||
| 245 | 0 | 0 |
_aPowłoki malarsko-lakiernicze : _bporadnik : praca zbiorowa / _cautorzy Jerzy Baczewski [et al.]. |
| 250 | _aWydanie I. | ||
| 260 |
_aWarszawa : _bWydawnictwa Naukowo-Techniczne, _c1970. |
||
| 300 |
_a887, [1] stron, [2] karty tablic : _bilustracje ; _c21 cm. |
||
| 336 |
_aTekst _btxt _2rdacontent |
||
| 337 |
_aBez urządzenia pośredniczącego _bn _2rdamedia |
||
| 338 |
_aWolumin _bnc _2rdacarrier |
||
| 380 | _aKsiążki | ||
| 380 | _aPublikacje fachowe | ||
| 388 | 1 | _a1901-2000 | |
| 388 | 1 | _a1945-1989 | |
| 504 | _aBibliografia przy rozdziałach. Indeks. | ||
| 521 | 8 | _aKsiążka dla rzemieślników, mistrzów, techników i inżynierów zatrudnionych w malarniach przemysłowych, warsztatach rzemieślniczych. | |
| 650 | 7 |
_aLakiernictwo _2DBN |
|
| 650 | 7 |
_aMalowanie ochronne _2DBN |
|
| 650 | 7 |
_aPowłoki ochronne _2DBN |
|
| 655 | 7 |
_aPoradnik _2DBN |
|
| 655 | 7 |
_aPraca zbiorowa _2DBN |
|
| 658 | _aInżynieria i technika | ||
| 700 | 1 |
_aBaczewski, Jerzy _eAutor |
|
| 700 | 1 |
_aCzupryna, Kazimierz _eAutor |
|
| 700 | 1 |
_aDomański, Andrzej _eAutor |
|
| 700 | 1 |
_aFularski, Lechosław _d(1921-2007) _eAutor |
|
| 700 | 1 |
_aHolzhacker, Anna _eAutor |
|
| 700 | 1 |
_aIndulski, Janusz _eAutor |
|
| 700 | 1 |
_aKozłowski, Marek _eAutor |
|
| 700 | 1 |
_aPłachecki, Jan _eAutor |
|
| 700 | 1 |
_aRóżycki, Henryk _eAutor |
|
| 700 | 1 |
_aSzaliński, Ryszard _eAutor |
|
| 700 | 1 |
_aSzaniewski, Stanisław _eAutor |
|
| 700 | 1 |
_aSzczepański, Jerzy _eAutor |
|
| 700 | 1 |
_aZawadzki, Jerzy _d(1926-1997) _eAutor |
|
| 710 | 2 |
_aWydawnictwa Naukowo-Techniczne _4pbl |
|
| 856 |
_uhttps://koha.tu.koszalin.pl/cgi-bin/koha/opac-detail.pl?biblionumber=8876 _yKatalog online BPK |
||
| 942 |
_2UKD _cKS |
||
| 999 |
_c8876 _d8876 |
||